Can you think of the Spanish word? - Statistics

General Stats
  • This quiz has been taken 22 times
  • The average score is 5 of 15
Answer Stats
English Term Spanish Word % Correct
Mesa Table
63%
Coffee Store Cafeteria
47%
Canyon Cañón
47%
Snowy Nevada
47%
Flowery Florida
42%
Square Plaza
42%
Mountain Range Sierra
42%
Ranch Rancho
37%
Breeze Brisa
26%
Red Colored Colorado
26%
Go Around Rodeo
21%
Courtyard Patio
16%
Watchman Vigilante
11%
Prosperity Bonanza
5%
Mustang Mesteño
0%
No matching quizzes found
Score Distribution
Percent of People with Each Score
Percentile by Number Answered
Your Score History
You have not taken this quiz